000
00300nam a22001337a 4500
008
170622b xxu||||| |||| 00| 0 eng d
020
_a
0202304620
041
_a
eng
080
_a
32
100
_a
20
101
_a
SHP
245
_a
SOVIET CINEMATOGRAPHY 1918-1991
_c
SHLAPENTOK, D
942
_2
udc
_c
BK
999
_c
18572
_d
18572